LEADER 00833nam0-2200277 --450 001 9910339155903321 005 20190918101100.0 010 $a978-88-7578-752-3 100 $a20190918d2018----kmuy0itay5050 ba 101 1 $aita$ceng 102 $aIT 105 $a 001yy 200 1 $aBig mind$el'intelligenza collettiva che puņ cambiare il mondo$fGeoff Mulgan$gtraduzione di Gianni Pannofino 210 $aTorino$cCodice$d2018 215 $aX, 322 p.$d21 cm 610 0 $aIntelligenza artificiale$aEffetti sociali$aPrevisioni 676 $a006.331$v23$zita 700 1$aMulgan,$bGeoff$0132403 702 1$aPannofino,$bGianni 801 0$aIT$bUNINA$gREICAT$2UNIMARC 901 $aBK 912 $a9910339155903321 952 $aIX B 203$b1192/2019$fFSPBC 959 $aFSPBC 996 $aBig mind$91560884 997 $aUNINA LEADER 02588omm 2200613Ia 450 001 9910692921303321 005 20041021115039.0 035 $a(CKB)5470000002358285 035 $a(OCoLC)40779390 035 9 $aocm40779390 035 $a(OCoLC)995470000002358285 035 $a(EXLCZ)995470000002358285 100 $a19990212d1995 ua 101 0 $aeng 135 $aurcnu||||| 181 $ctxt$2rdacontent 182 $cc$2rdamedia 183 $acr$2rdacarrier 200 00$aSAR interferometry and surface change detection$b[electronic resource] $ereport of a workshop held in Boulder, Colorado, February 3-4, 1994 /$fTimothy H. Dixon, editor 210 1$a[Miami, Fla.] :$cUniversity of Miami, Rosenstiel School of Marine and Atmospheric Science,$d[1995] 225 1 $aRSMAS technical report ;$vTR 95-003 300 $a"This publication was prepared by the Jet Propulsion Laboratory, California Institute of Technology, under a contract with the National Aeronautics and Space Administration." 300 $aTitle from title screen (viewed on Oct. 21, 2004). 300 $a"July 1995." 300 $aAlso issued in paper. 320 $aIncludes bibliographical references. 330 $aReport discusses the scientific applications and technical challenges of a new technique for remotely monitoring the Earth's surface from space. 517 $aSAR interferometry and surface change detection 606 $aRemote sensing$zUnited States$vCongresses 606 $aSynthetic aperture radar$zUnited States$vCongresses 606 $aInterferometry$vCongresses 606 $aEarth sciences$xRemote sensing$vCongresses 606 $aSpace-based radar$vCongresses 606 $aArtificial satellites in remote sensing$zUnited States$vCongresses 608 $aConference papers and proceedings.$2lcgft 615 0$aRemote sensing 615 0$aSynthetic aperture radar 615 0$aInterferometry 615 0$aEarth sciences$xRemote sensing 615 0$aSpace-based radar 615 0$aArtificial satellites in remote sensing 701 $aDixon$b Timothy H$0853644 712 02$aJet Propulsion Laboratory (U.S.) 712 02$aCalifornia Institute of Technology. 712 02$aRosenstiel School of Marine and Atmospheric Science. 712 02$aUnited States.$bNational Aeronautics and Space Administration. 801 0$bOLA 801 1$bOLA 801 2$bOCLCQ 801 2$bGPO 906 $aBOOK 912 $a9910692921303321 996 $aSAR interferometry and surface change detection$93426672 997 $aUNINA